Name That 'Ography' Quiz Stats

 Plays Quiz Updated Oct 11, 2018

Score 0/18 Timer 06:00
1 Play Today
Definiton Word % Correct
A written account of another person's lifeBiography
98.9%
A history of a person's life written or told by that personAutobiography
87.9%
The study of the Earth and its lands, features, inhabitants, and phenomenaGeography
80.4%
The depiction of erotic behavior intended to cause sexual excitementPornography
74.6%
The exploration and scientific study of the ocean and its phenomenaOceanography
70.3%
The science or art of making mapsCartography
64.1%
The art of creating and arranging dances or balletsChoreography
60.5%
A list of writings used or considered by an author in preparing a particular workBibliography
56.7%
The art of producing images by the action of radiant energy and especially light on a sensitive surfacePhotography
55.3%
Definiton Word % Correct
The art or technique of motion-picture photographyCinematography
54%
The methods of making and using secret writing, as codes or ciphersCryptography
48.7%
Listing of motion pictures by actor, director, genre, etc.,Filmography
43%
The art of writing in shorthandStenography
28.2%
The science of social statistics (births, deaths, diseases, marriages, etc.) of populationsDemography
23.6%
A method for printing on a smooth surfaceLithography
13.5%
The study and systematic recording of human culturesEthnography
8.6%
Study of the processes by which knowledge is obtained and transmittedHistoriography
3.5%
The study and mapping of stars and space objectsUranography
1.9%

You're not logged in!

Compare scores with friends on all Sporcle quizzes.
OR
Log In

Sporcle TV

Today on Sporcle TV


Watch our educational content, quiz creation guides, and fun videos on Sporcle TV.

Show Comments

Extras

Top Quizzes Today


Score Distribution

Your Account Isn't Verified!

In order to create a playlist on Sporcle, you need to verify the email address you used during registration. Go to your Sporcle Settings to finish the process.

Report this User

Report this user for behavior that violates our Community Guidelines.

Details: